000 00279nam a2200133Ia 4500
100 _aLuthans/Fred
942 _cBK
654 _aBehavior
245 _aOrganizational Behavior
260 _bMcGraw Hill
_aNew York
_c1977
082 _a658.4
300 _a588
546 _aENGLISH
999 _c19064
_d19064